Aserbaidschan-Quiz - Statistiken

Allgemein
  • Dieses Quiz wurde 3.915 mal gespielt
  • Das Durchschnittsergebnis liegt bei 11 aus 18
Antwortstatistiken
Frage Antwort % Korrekt
Nachbarland Armenien
95%
Nachbarland Georgien
94%
Nachbarland Russland
93%
Hauptstadt Baku
91%
Nachbarland Türkei
88%
Ehemaliges Land, von dem Aserbaidschan 1991 unabhängig wurde Sowjetunion
85%
Nachbarland Iran
82%
Obwohl Aserbaidschan politisch zu Asien gehört, nimmt es regelmäßig an diesem beliebten Musikwettbewerb teil Eurovision Song Contest
78%
Binnenmeer, an das Aserbaidschan grenzt Kaspisches Meer
75%
Richtung des Islams, die von 89% der Bevölkerung ausgeübt wird Schia
61%
Bergkette im Norden von Aserbaidschan Kaukasus
59%
Zu Beginn des 20. Jahrhunderts stammen mehr als 50% dieses Rohstoffs aus Aserbaidschan Erdöl
57%
E-Wort, das ein entferntes Teilgebiet eines Landes bezeichnet, welches von einem fremden Land umgeben wird, wie die von Armenien umgebene "Autonome Republik Nachitschewan" Exklave
41%
Bergregion, in der 1988–1994 ein ethnischer Krieg stattfand; der Konflikt ist bis heute nicht beigelegt Nagorny-{Karabach}
39%
Sportart, in der 22 von 42 Olympischen Medaillen für Aserbaidschan gewonnen wurden Ringen
35%
Schachspieler, der in Aserbaidschan geboren wurde und von 1985–2000 Weltmeister war Garri Kasparow
28%
Das Nationaltier ist eine Rasse dieses Säugetiers Pferd
23%
In Aserbaidschan befinden sich ca. 400 dieser "Vulkane", mehr als in allen anderen Ländern weltweit (es sind eigentlich keine richtigen Vulkane) {Schlamm}vulkane
12%
Keine übereinstimmenden Quizze gefunden
Verteilung der Resultate
Anzahl Personen mit jedem Resultat
Perzentil nach korrekt beantworteten Fragen
Ihre Resultats-Entwicklung
Sie haben dieses Quiz noch nicht gespielt